Normal view
MARC view
- ريان ؛ ترجمه فاضل بندر عيسى واخرون
Entry Personal Name
001 - CONTROL NUMBER
- control field: 17739
003 - CONTROL NUMBER IDENTIFIER
- control field: JO-AjAnu
005 - DATE AND TIME OF LATEST TRANSACTION
- control field: 20230606073128.0
008 - FIXED-LENGTH DATA ELEMENTS
- fixed length control field: 230606|| aca||aabn | a|a d
040 ## - CATALOGING SOURCE
- Original cataloging agency: JO-AjAnu
- Transcribing agency: JO-AjAnu
100 ## - HEADING--PERSONAL NAME
- Personal name: ريان ؛ ترجمه فاضل بندر عيسى واخرون
670 ## - SOURCE DATA FOUND
- Source citation: Work cat.: (JO-AjAnu)9112: ريان ؛ ترجمه فاضل بندر عيسى واخرون, author, خواص المواد الخام السيراميكية